header

A revised framework to address TB-HIV co-infection in the Western Pacific Region (Record no. 66368)

MARC details
000 -LEADER
fixed length control field 01243nam a2200313 a 4500
245 12 - TITLE STATEMENT
Title A revised framework to address TB-HIV co-infection in the Western Pacific Region
260 ## - PUBLICATION, DISTRIBUTION, ETC. (IMPRINT)
Place of publication Geneva, Switzerland :
Name of publisher World Health Organization,
Year of publication c2008.
300 ## - PHYSICAL DESCRIPTION
Number of Pages viii, 77 p. :
Other physical details ill.
650 #0 - SUBJECT ADDED ENTRY--TOPICAL TERM
Topical Term Tuberculosis
Topical Term AIDS (Disease)
Topical Term HIV infections
856 40 - ELECTRONIC LOCATION AND ACCESS
Uniform Resource Identifier http://site.ebrary.com/lib/rucke/Doc?id=10333591

No items available.

© 2026 Rongo University
Contact us: librarian | system librarian | Rongo university